000 00531nam a22002057a 4500
003 OSt
005 20250613084824.0
008 250613b |||||||| |||| 00| 0 eng d
020 _a9781292039510
040 _aKABU
_cKABU
050 _aQD462
_b.E54 2014
100 _aEngel, Thomas
245 _aQuantum chemistry and spectroscopy /
_cThomas Engel
250 _a3rd ed.
260 _aEdinburg Gate, England:
_bPearson,
_c2014
300 _a450p.
500 _aIncludes index
650 _aQuantum Chemistry
942 _2lcc
_cBK
999 _c20729
_d20728